Normal view
MARC view
- Uruguay Round
Entry Meeting Name
001 - CONTROL NUMBER
- control field: 34435
003 - CONTROL NUMBER IDENTIFIER
- control field: OSt
005 - DATE AND TIME OF LATEST TRANSACTION
- control field: 20131111135704.0
008 - FIXED-LENGTH DATA ELEMENTS
- fixed length control field: 131111|| aca||aabn | a|a d
040 ## - CATALOGING SOURCE
- Original cataloging agency: OSt
- Transcribing agency: OSt
111 ## - HEADING--MEETING NAME
- Meeting name or jurisdiction name as entry element: Uruguay Round
- Date of meeting: (1987-1994)
670 ## - SOURCE DATA FOUND
- Source citation: Work cat.: (OSt)0: Martin, Will, 1953- 34434, The Uruguay Round :, c1995.